Historia de la cultura material en la América equinoccial : (Registro nro. 2284)
[ vista simple ]
| 000 -CABECERA | |
|---|---|
| Campo de control | 01234nam a2200265 a 4500 |
| 005 - FECHA Y HORA DE LA ULTIMA TRANSACCION | |
| Campo de control | 20191224041631.0 |
| 008 - ELEMENTOS DE LONGITUD FIJA—INFORMACION GENERAL | |
| Campo de control | 941019m19901993ck ab b 000 0 spa |
| 040 ## - FUENTE DE CATALOGACIÓN | |
| Agencia catalogadora original | DLC |
| Agencia transcriptora | DLC |
| Agencia Modificadora | CO-BoIAVH |
| 041 ## - IDIOMA | |
| Código de idioma para texto/pista de sonido o título separado | Español |
| 043 ## - GEOGRAPHIC AREA CODE | |
| Geographic area code | cl----- |
| 082 04 - NUMERO DE CLASIFICACION DECIMAL DEWEY | |
| Número de clasificación | 306.4 |
| Número del ítem | P29h |
| 100 1# - ASIENTO PRINCIPAL--NOMBRE PERSONAL | |
| Nombre personal | Patiño, Víctor Manuel. |
| 9 (RLIN) | 15338 |
| 245 10 - MENCION DE TITULO | |
| Título | Historia de la cultura material en la América equinoccial : |
| Parte restante del título | Tomo I. Alimentación y alimentos / |
| Mención de responsabilidad | Víctor Manuel Patiño. |
| 260 ## - PUBLICACION, DISTRIBUCION, ETC. (PIE DE IMPRENTA) | |
| Lugar de publicación, distribución, etc. | Bogotá (Colombia) : |
| Nombre del editor, distribuidor, etc. | Instituto Caro y Cuervo, |
| Fecha de publicación, distribución, etc. | 1990-1993. |
| 300 ## - DESCRIPCION FISICA | |
| Extensión | 8 v. : |
| Otros detalles físicos | ill., maps ; |
| Dimensiones | 23 cm. |
| 504 ## - NOTA DE BIBLIOGRAFIA, ETC. | |
| Nota de bibliografía | Incluye referenncias bibliográficas: Páginas [251]-332. |
| 505 0# - NOTA DE CONTENIDO | |
| Nota de contenido | t. 1. Alimentación y alimentos -- t. 2. Vivienda y menaje -- t. 3. Vías, transportes, comunicaciones -- t. 4. Vestidos, adornos y vida social -- t. 5. Tecnología -- t. 6. Comercio -- t. 7. Vida erótica y costumbres higiénicas -- t. 8. Trabajo y erología. |
| 650 #0 - ASIENTO SECUNDARIO DE MATERIA - TERMINO TEMATICO | |
| Término temático o nombre geográfico como elemento de entrada | Material culture |
| Subdivisión geográfica | Latin America. |
| 9 (RLIN) | 91376 |
| 650 #0 - ASIENTO SECUNDARIO DE MATERIA - TERMINO TEMATICO | |
| Término temático o nombre geográfico como elemento de entrada | Indians |
| Subdivisión general | History. |
| 9 (RLIN) | 91377 |
| 650 #0 - ASIENTO SECUNDARIO DE MATERIA - TERMINO TEMATICO | |
| Término temático o nombre geográfico como elemento de entrada | Indians |
| Subdivisión general | Antiquities. |
| 9 (RLIN) | 91378 |
| 651 #0 - ASIENTO SECUNDARIO DE MATERIA - NOMBRE GEOGRAFICO | |
| Nombre geográfico | Latin America |
| Subdivisión general | History. |
| 9 (RLIN) | 91379 |
| 651 #0 - ASIENTO SECUNDARIO DE MATERIA - NOMBRE GEOGRAFICO | |
| Nombre geográfico | Latin America |
| Subdivisión general | Social life and customs. |
| 9 (RLIN) | 91380 |
| 651 #0 - ASIENTO SECUNDARIO DE MATERIA - NOMBRE GEOGRAFICO | |
| Nombre geográfico | Latin America |
| Subdivisión general | Antiquities. |
| 9 (RLIN) | 91381 |
| 942 ## - ELEMENTOS ADICIONALES (KOHA) | |
| Sistema de clasificación | Dewey Decimal Classification |
| Tipo de ítem | Libro |
| Withdrawn status | Lost status | Sistema de Clasificación | Damaged status | No para préstamo | Colección | Inventariado | Ubicación Permanente | Ubicación actual | Fecha de adquisición | Fuente de Valor | Valor | Total Checkouts | Número topográfico | Inventario / Código de Barras | Date last seen | Ejemplar | Price effective from | Tipo de material |
|---|---|---|---|---|---|---|---|---|---|---|---|---|---|---|---|---|---|---|
| Dewey Decimal Classification | General | Inventariado 2017 | Bogotá | Bogotá | 16/05/2001 | Instituto | 39000.00 | LB-306.4 P29h | 002850 | 04/12/2012 | V. 1 Ej. 1 | 04/12/2012 | Libro | |||||
| Dewey Decimal Classification | General | Inventariado 2017 | Bogotá | Bogotá | 11/05/2001 | Instituto | 39000.00 | LB-306.4 P29h | 002851 | 04/12/2012 | V. 5 Ej. 1 | 04/12/2012 | Libro |